[Event "McGill op"]
[Site "Montreal CAN"]
[Date "2014.05.04"]
[Round "4"]
[White "Sambuev, Bator"]
[Black "Sturt, Raven"]
[Result "0-1"]
[WhiteElo "2597"]
[BlackElo "2301"]
[PlyCount "108"]
[EventDate "2014.05.02"]
[EventType "swiss"]
[EventRounds "5"]
[EventCountry "CAN"]

1. c4 c5 2. Nc3 b6 3. Nf3 Bb7 4. e3 Nf6 5. d4 e6 6. d5 exd5 7. cxd5 a6 8. a4 d6
9. Be2 g6 10. O-O Bg7 11. e4 O-O 12. Nd2 Re8 13. f4 Qc7 14. Kh1 Nbd7 15. Bd3 c4
16. Nxc4 Nc5 17. Be3 Nfxe4 18. Nxe4 Nxe4 19. Nxb6 Rab8 20. Qf3 Nd2 21. Bxd2
Qxb6 22. Rab1 Qb3 23. f5 Bxd5 24. Qg3 Bc4 25. Bxc4 Qxc4 26. b4 Re2 27. Bf4 Rxb4
28. Rbc1 Rc2 29. Rce1 Qc6 30. h4 Rxf4 31. Rxf4 Be5 32. Ref1 Rc1 33. Qe3 Bxf4
34. Qxf4 Rxf1+ 35. Qxf1 Qxa4 36. Qe1 Qd4 37. fxg6 hxg6 38. g3 Qe5 39. Qf2 a5
40. Kh2 a4 41. Qa2 Qd4 42. Qa3 Kg7 43. Kh3 Kh6 44. Qc1+ Kh7 45. Qa3 Kg7 46. Qc1
Qb4 47. Qa1+ Kg8 48. Qf6 Qa5 49. g4 a3 50. h5 gxh5 51. Qxd6 a2 52. Qb8+ Kh7 53.
Qf4 a1=Q 54. Qxf7+ Qg7 0-1

[Event "McGill op"]
[Site "Montreal CAN"]
[Date "2014.05.04"]
[Round "4"]
[White "Tomb, Maroun"]
[Black "Luo, Zhao Yang"]
[Result "1-0"]
[WhiteElo "2207"]
[BlackElo "2066"]
[PlyCount "83"]
[EventDate "2014.05.02"]
[EventType "swiss"]
[EventRounds "5"]
[EventCountry "CAN"]

1. c4 e6 2. Nc3 d5 3. d4 c5 4. cxd5 exd5 5. Nf3 Nc6 6. e3 Nf6 7. Be2 c4 8. O-O
Bb4 9. Ne5 O-O 10. Bf3 Bf5 11. Nxd5 Nxd5 12. e4 Be6 13. exd5 Bxd5 14. Nxc6 bxc6
15. Be3 Rb8 16. Be2 f5 17. Bf4 Bd6 18. Bxd6 Qxd6 19. Qc2 Qb4 20. Rab1 Kh8 21.
f3 Rfe8 22. Rfd1 g6 23. Bf1 Re3 24. Qf2 Rbe8 25. Rbc1 Qa4 26. a3 c3 27. bxc3
Rxc3 28. Re1 Rxe1 29. Rxe1 Qxa3 30. Re8+ Kg7 31. Qe1 Kf7 32. Rh8 Re3 33. Rxh7+
Kg8 34. Qh4 Re1 35. Rh8+ Kg7 36. Rh7+ Kg8 37. Rh8+ Kg7 38. Qh6+ Kf7 39. Rh7+
Ke8 40. Qxg6+ Kd8 41. Qf6+ Kc8 42. Qh8+ 1-0

[Event "McGill op"]
[Site "Montreal CAN"]
[Date "2014.05.04"]
[Round "4"]
[White "Trahan, Daniel"]
[Black "Libersan, Thierry"]
[Result "0-1"]
[WhiteElo "2106"]
[BlackElo "2185"]
[PlyCount "62"]
[EventDate "2014.05.02"]
[EventType "swiss"]
[EventRounds "5"]
[EventCountry "CAN"]

1. d4 Nf6 2. c4 g6 3. Nc3 Bg7 4. e4 d6 5. Nf3 O-O 6. Be2 e5 7. O-O Nc6 8. d5
Ne7 9. b4 Nh5 10. g3 f5 11. Ng5 Nf6 12. f3 c6 13. Be3 Kh8 14. Qb3 h6 15. Ne6
Bxe6 16. dxe6 Qc8 17. c5 d5 18. exd5 cxd5 19. Nb5 Ne8 20. Nd6 Qxe6 21. Nxb7 f4
22. Bf2 fxg3 23. hxg3 Rb8 24. Na5 Nf6 25. Kg2 e4 26. Rad1 exf3+ 27. Bxf3 Ne4
28. Bd4 Bxd4 29. Rxd4 Qe5 30. Bxe4 Qxd4 31. Bf3 Rxb4 0-1

[Event "McGill op"]
[Site "Montreal CAN"]
[Date "2014.05.04"]
[Round "4"]
[White "Yu, Zong Yang"]
[Black "MacKinnon, Keith"]
[Result "0-1"]
[WhiteElo "2234"]
[BlackElo "2297"]
[PlyCount "116"]
[EventDate "2014.05.02"]
[EventType "swiss"]
[EventRounds "5"]
[EventCountry "CAN"]

1. d4 Nf6 2. c4 e6 3. Nf3 b6 4. g3 Ba6 5. Nbd2 c5 6. Bg2 Bb7 7. O-O Be7 8. b3
O-O 9. Bb2 cxd4 10. Bxd4 Nc6 11. Bb2 d5 12. Rc1 Rc8 13. Ne5 Nxe5 14. Bxe5 Ba8
15. Rc2 Qd7 16. Qc1 Rfd8 17. Qb2 dxc4 18. Bxa8 Rxa8 19. Nxc4 Rac8 20. a4 Ne8
21. Rd2 Qc6 22. Rfd1 f6 23. Rxd8 Rxd8 24. Rxd8 Bxd8 25. Qd2 Be7 26. Bb8 Qb7 27.
Bf4 Qc6 28. f3 a6 29. e4 b5 30. axb5 axb5 31. Nb2 f5 32. exf5 Qxf3 33. Qe3
Qxe3+ 34. Bxe3 exf5 35. Kf2 Kf7 36. Ke2 Ke6 37. Kd3 Bf6 38. Nd1 Nc7 39. Bd2 Na6
40. Nc3 Nc7 41. Be1 Be5 42. Bf2 Kd7 43. Ne2 Ne6 44. Ng1 Kc6 45. Nf3 Bf6 46. Ne1
Kd5 47. Nc2 Be7 48. Ne3+ Ke5 49. Nd1 Bc5 50. Bxc5 Nxc5+ 51. Kc3 Na6 52. Nf2 g5
53. Kd2 Kd4 54. Nd3 Nc5 55. Nc1 Ne4+ 56. Ke2 b4 57. Nd3 Kc3 58. g4 f4 0-1

[Event "McGill op"]
[Site "Montreal CAN"]
[Date "2014.05.04"]
[Round "4"]
[White "Zhou, Qiyu"]
[Black "Harris, Ian"]
[Result "1/2-1/2"]
[WhiteElo "2103"]
[BlackElo "2275"]
[PlyCount "128"]
[EventDate "2014.05.02"]
[EventType "swiss"]
[EventRounds "5"]
[EventCountry "CAN"]

1. e4 e5 2. Nf3 Nc6 3. Bb5 f5 4. d3 fxe4 5. dxe4 Nf6 6. Nc3 Bb4 7. O-O Bxc3 8.
bxc3 d6 9. Qd3 Qe7 10. a4 Bd7 11. a5 a6 12. Ba4 O-O 13. Bg5 h6 14. Bd2 Nh5 15.
Rab1 Rab8 16. Rb2 Be6 17. Bxc6 bxc6 18. Rxb8 Rxb8 19. Qxa6 Qe8 20. Qd3 Ra8 21.
Ra1 Qf7 22. Ra4 Nf6 23. a6 Nd7 24. Be3 c5 25. Qd1 Nb6 26. Ra1 Ra7 27. Nd2 Nc4
28. Qb1 Qe8 29. Nxc4 Bxc4 30. Qb7 Qa8 31. Qxa8+ Rxa8 32. a7 Kf7 33. f3 Bb5 34.
Kf2 Bc6 35. Ke2 Ke7 36. Kd2 Kd7 37. Kd3 Bb5+ 38. c4 Bc6 39. Bd2 Bb7 40. Bc3 Re8
41. Bb2 Kc6 42. Bc3 g6 43. Bd2 h5 44. Ra2 Ra8 45. Ra1 Bc8 46. Bc3 Kb6 47. Ba5+
Kc6 48. Bd2 Kb7 49. h4 Rxa7 50. Rxa7+ Kxa7 51. g3 Kb6 52. Bg5 Be6 53. f4 exf4
54. Bxf4 Kc6 55. Bg5 Bh3 56. Bf4 Bf1+ 57. Kc3 Kd7 58. e5 Ke6 59. exd6 cxd6 60.
Bg5 d5 61. cxd5+ Kxd5 62. Bf4 Ke4 63. Kd2 Kf3 64. Bd6 c4 1/2-1/2

[Event "McGill op"]
[Site "Montreal CAN"]
[Date "2014.05.04"]
[Round "5"]
[White "Bolduc, Steve"]
[Black "Jacquet, Stephane"]
[Result "1-0"]
[WhiteElo "2254"]
[BlackElo "2024"]
[PlyCount "73"]
[EventDate "2014.05.02"]
[EventType "swiss"]
[EventRounds "5"]
[EventCountry "CAN"]

1. d4 d5 2. c4 dxc4 3. Nf3 Nf6 4. e3 e6 5. Bxc4 c5 6. O-O a6 7. Bb3 Nc6 8. Qe2
cxd4 9. Rd1 Qc7 10. exd4 Be7 11. Nc3 O-O 12. Bg5 b5 13. Rac1 Bb7 14. Ne5 h6 15.
Bh4 Rac8 16. Nxf7 Rxf7 17. Bxe6 Nd8 18. Nd5 Qd6 19. Rxc8 Bxc8 20. Bxf7+ Kxf7
21. Bxf6 Bxf6 22. Nxf6 Qxf6 23. d5 Nb7 24. Rc1 Nd6 25. Rc7+ Kg8 26. h3 Qd8 27.
Rc3 Bf5 28. Qe5 Bb1 29. Qe6+ Kh7 30. Rc6 Nc4 31. Rc8 Qg5 32. Rf8 Qc1+ 33. Kh2
Qxb2 34. f4 Bd3 35. Qe8 g5 36. Qe7+ Kg6 37. Qf7# 1-0

[Event "McGill op"]
[Site "Montreal CAN"]
[Date "2014.05.04"]
[Round "5"]
[White "Harris, Ian"]
[Black "Libersan, Thierry"]
[Result "0-1"]
[WhiteElo "2275"]
[BlackElo "2185"]
[PlyCount "134"]
[EventDate "2014.05.02"]
[EventType "swiss"]
[EventRounds "5"]
[EventCountry "CAN"]

1. e4 c5 2. Nc3 e6 3. f4 Nc6 4. Nf3 a6 5. g3 d5 6. d3 dxe4 7. Nxe4 Nf6 8. Bg2
Nxe4 9. dxe4 Qxd1+ 10. Kxd1 b5 11. Be3 Bb7 12. Ke2 Be7 13. Rhd1 Rd8 14. Rxd8+
Nxd8 15. Ne1 Nc6 16. c4 e5 17. Nd3 Nd4+ 18. Bxd4 exd4 19. Rc1 b4 20. Bf3 O-O
21. e5 Bxf3+ 22. Kxf3 f5 23. g4 g6 24. gxf5 gxf5 25. e6 Re8 26. a3 bxa3 27.
bxa3 Rb8 28. Ke2 Rb6 29. Kd2 Rxe6 30. Rb1 Rh6 31. Rb8+ Kg7 32. Rb7 Rxh2+ 33.
Kd1 Kf8 34. Rb8+ Kg7 35. Rb7 Kf8 36. Rb8+ Kf7 37. Ne5+ Ke6 38. Rb6+ Bd6 39.
Rxa6 h5 40. Nd3 Kd7 41. Ra7+ Kc6 42. Ra6+ Kc7 43. Ra7+ Kb6 44. Rh7 h4 45. Rh6
Kc7 46. Rh7+ Kc6 47. Rh6 h3 48. Ke1 Rc2 49. Kd1 Rc3 50. Ne5+ Kc7 51. Rh7+ Kc8
52. Rh8+ Kb7 53. Rh7+ Bc7 54. Kd2 Rxa3 55. Kc2 Rc3+ 56. Kd2 Kb6 57. Nd3 Rxc4
58. Rxh3 Rc3 59. Rh6+ Kb5 60. Rf6 Kc4 61. Nb2+ Kd5 62. Nd3 c4 63. Nb4+ Ke4 64.
Re6+ Kf3 65. Nc2 Bxf4+ 66. Kd1 Rd3+ 67. Ke1 Bg3+ 0-1

[Event "McGill op"]
[Site "Montreal CAN"]
[Date "2014.05.04"]
[Round "5"]
[White "MacKinnon, Keith"]
[Black "Zhou, Qiyu"]
[Result "0-1"]
[WhiteElo "2297"]
[BlackElo "2103"]
[PlyCount "62"]
[EventDate "2014.05.02"]
[EventType "swiss"]
[EventRounds "5"]
[EventCountry "CAN"]

1. e4 e5 2. Nf3 Nc6 3. d4 exd4 4. Nxd4 Nf6 5. Nxc6 bxc6 6. e5 Qe7 7. Qe2 Nd5 8.
c4 Ba6 9. g3 g6 10. Bg2 Bg7 11. O-O O-O 12. Re1 Rfe8 13. Na3 Nb6 14. Qc2 Bxe5
15. c5 Nd5 16. Qa4 Bb7 17. Qb3 Qxc5 18. Qxb7 Bd4 19. Rf1 Rab8 20. Qa6 Re1 21.
Rxe1 Bxf2+ 22. Kf1 Bxe1 23. Kxe1 Qg1+ 24. Qf1 Re8+ 25. Kd2 Qe3+ 26. Kc2 Qe2+
27. Kb3 Rb8+ 28. Ka4 Qe7 29. Bd2 Rb4+ 30. Ka5 Qc5+ 31. Nb5 Rxb5+ 0-1

[Event "McGill op"]
[Site "Montreal CAN"]
[Date "2014.05.04"]
[Round "5"]
[White "Sambuev, Bator"]
[Black "Tomb, Maroun"]
[Result "1-0"]
[WhiteElo "2597"]
[BlackElo "2202"]
[PlyCount "89"]
[EventDate "2014.05.02"]
[EventType "swiss"]
[EventRounds "5"]
[EventCountry "CAN"]

1. d4 Nf6 2. Nf3 e6 3. e3 b6 4. Bd3 Bb7 5. O-O c5 6. c4 Be7 7. Nc3 O-O 8. d5
exd5 9. cxd5 d6 10. e4 Nbd7 11. h3 Ne8 12. Bf4 Bf6 13. Rc1 Qe7 14. Nd2 Ne5 15.
Be2 g5 16. Bh2 Ng6 17. Nc4 Ba6 18. Ne3 Bxe2 19. Qxe2 Ng7 20. Nc4 Rad8 21. Rce1
Rfe8 22. Nb5 Ne5 23. Bxe5 Bxe5 24. Nxe5 Qxe5 25. Nxa7 Ra8 26. Nc6 Qf6 27. a3
Ra4 28. Qc2 b5 29. Re3 Nh5 30. e5 dxe5 31. Qxc5 Kg7 32. Nb4 Nf4 33. d6 Raa8 34.
d7 Red8 35. Rd1 Qe6 36. Qxe5+ Qxe5 37. Rxe5 Ra7 38. Rxg5+ Kf6 39. Rxb5 Raxd7
40. Rxd7 Rxd7 41. g4 Rd1+ 42. Kh2 Ke6 43. Rf5 Ne2 44. Nc6 Rd2 45. b4 1-0

[Event "McGill op"]
[Site "Montreal CAN"]
[Date "2014.05.04"]
[Round "5"]
[White "Turcotte, Jonathan"]
[Black "Robichaud, Louis"]
[Result "1-0"]
[WhiteElo "2003"]
[BlackElo "2071"]
[PlyCount "85"]
[EventDate "2014.05.02"]
[EventType "swiss"]
[EventRounds "5"]
[EventCountry "CAN"]

1. d4 Nf6 2. Nf3 g6 3. c4 Bg7 4. Nc3 O-O 5. e4 d6 6. Be2 e5 7. O-O Nc6 8. d5
Ne7 9. b4 Nd7 10. a4 f5 11. Ng5 Nf6 12. f3 h6 13. Ne6 Bxe6 14. dxe6 c6 15. Be3
Ne8 16. Qb3 b6 17. Rad1 f4 18. Bf2 Qb8 19. Rb1 Bf6 20. Rfd1 Ng7 21. c5 bxc5 22.
bxc5 Qxb3 23. Rxb3 d5 24. exd5 cxd5 25. Nxd5 Nxd5 26. Rxd5 Nxe6 27. Rd6 Nd4 28.
Bc4+ Kh8 29. Rb7 Rad8 30. Rxa7 Rxd6 31. cxd6 Rd8 32. d7 Kg7 33. Rb7 Kf8 34. a5
Ra8 35. a6 Ke7 36. Be1 Nc6 37. Bb5 Na7 38. Bb4+ Ke6 39. Bc4+ Kf5 40. Bd3+ Ke6
41. Bc4+ Kf5 42. Bd5 Bd8 43. Bc5 1-0

[Event "McGill op U1500"]
[Site "Montreal CAN"]
[Date "2014.05.03"]
[Round "2"]
[White "Krol, Marcin"]
[Black "Harb, Robin"]
[Result "1/2-1/2"]
[WhiteElo "1155"]
[BlackElo "1263"]
[PlyCount "40"]
[EventDate "2014.05.02"]
[EventType "swiss"]
[EventRounds "5"]
[EventCountry "CAN"]

1. d4 Nf6 2. f4 d6 3. Nf3 g6 4. e3 Bg7 5. Bd3 O-O 6. O-O b6 7. a3 c5 8. Nc3
cxd4 9. exd4 Bg4 10. Ne4 Nxe4 11. Bxe4 d5 12. Bd3 Bxd4+ 13. Kh1 Nc6 14. Bb5
Bxf3 15. Rxf3 Rc8 16. Bxc6 Rxc6 17. Qxd4 Rxc2 18. Re3 Qc7 19. Bd2 Qd7 20. b4
Rc4 1/2-1/2

[Event "McGill op U2000"]
[Site "Montreal CAN"]
[Date "2014.05.02"]
[Round "1"]
[White "Salazar, Andres"]
[Black "Fiouzi, Chahin"]
[Result "1-0"]
[WhiteElo "1787"]
[BlackElo "1511"]
[PlyCount "76"]
[EventDate "2014.05.02"]
[EventType "swiss"]
[EventRounds "5"]
[EventCountry "CAN"]

1. e4 g6 2. d4 Bg7 3. Nf3 d6 4. Bc4 h6 5. Be3 Nf6 6. Nc3 a6 7. Qd2 b5 8. Bd3
Nbd7 9. e5 b4 10. Ne2 Nd5 11. e6 N7b6 12. exf7+ Kf8 13. Nh4 g5 14. Ng6+ Kxf7
15. Nxh8+ Qxh8 16. h4 g4 17. h5 Ke8 18. Nf4 Nxf4 19. Bxf4 Bxd4 20. c3 bxc3 21.
Qc2 cxb2 22. Rd1 Bc3+ 23. Bd2 Nd5 24. O-O Rb8 25. Bxh6 b1=Q 26. Rxb1 Rxb1 27.
Rxb1 Qxh6 28. Rb8 g3 29. Rxc8+ Kd7 30. Bxa6 gxf2+ 31. Qxf2 Qc1+ 32. Kh2 Be5+
33. g3 Qg5 34. Qf3 Nf6 35. Rxc7+ Ke8 36. Rc8+ Kf7 37. Bc4+ Kg7 38. Be6 d5 1-0

[Event "McGill op U2000"]
[Site "Montreal CAN"]
[Date "2014.05.03"]
[Round "2"]
[White "Fan, Run Kun"]
[Black "Gunapalan, David"]
[Result "0-1"]
[WhiteElo "1712"]
[BlackElo "1865"]
[PlyCount "86"]
[EventDate "2014.05.02"]
[EventType "swiss"]
[EventRounds "5"]
[EventCountry "CAN"]

1. Nf3 d5 2. g3 c5 3. Bg2 Nc6 4. d4 e6 5. O-O Nf6 6. e3 Bd7 7. b3 cxd4 8. exd4
Be7 9. Be3 O-O 10. Nbd2 Ne4 11. Nxe4 dxe4 12. Ne5 f5 13. c4 Bf6 14. f4 Bxe5 15.
dxe5 Nb4 16. Bc5 Nd3 17. Bxf8 Qxf8 18. h3 Bc6 19. Qc2 g5 20. Qe2 gxf4 21. gxf4
Qh6 22. Qe3 Nxe5 23. Qg3+ Ng6 24. b4 a6 25. a4 Qg7 26. Rfd1 Qb2 27. Rab1 Qc2
28. b5 axb5 29. cxb5 Bd5 30. Rbc1 Qxa4 31. h4 Qa3 32. Rc3 Qa4 33. Rdc1 Qd4+ 34.
Kh1 Kf7 35. Rc7+ Ne7 36. Qg5 Qf6 37. Qxf6+ Kxf6 38. Kg1 Ra2 39. R7c2 Ra5 40.
Rb2 Ng6 41. Rc7 h5 42. Rh7 Nxf4 43. Bf1 e3 0-1

[Event "McGill op U2000"]
[Site "Montreal CAN"]
[Date "2014.05.03"]
[Round "2"]
[White "Wilkin, Alain"]
[Black "Lamoureux, Yvon"]
[Result "0-1"]
[WhiteElo "1960"]
[BlackElo "1587"]
[PlyCount "42"]
[EventDate "2014.05.02"]
[EventType "swiss"]
[EventRounds "5"]
[EventCountry "CAN"]

1. d4 Nf6 2. Nf3 g6 3. e3 Bg7 4. Bd3 O-O 5. O-O d6 6. Nbd2 Nc6 7. c3 e5 8. h3
a6 9. a4 Ne8 10. d5 Ne7 11. e4 h6 12. Nh2 f5 13. exf5 gxf5 14. Bc4 Nf6 15. Nb3
Qe8 16. f4 Kh7 17. fxe5 dxe5 18. d6 cxd6 19. Qxd6 Ne4 20. Qd1 Qc6 21. Be2 Qb6+
0-1

[Event "McGill op U2000"]
[Site "Montreal CAN"]
[Date "2014.05.03"]
[Round "3"]
[White "Mathieu, Guillaume"]
[Black "Sprumont, Oscar"]
[Result "0-1"]
[WhiteElo "1797"]
[BlackElo "1961"]
[PlyCount "72"]
[EventDate "2014.05.02"]
[EventType "swiss"]
[EventRounds "5"]
[EventCountry "CAN"]

1. g3 Nf6 2. Bg2 g6 3. c4 Bg7 4. Nc3 O-O 5. e4 d6 6. Nge2 c5 7. O-O Nc6 8. d3
a6 9. Rb1 Rb8 10. d4 cxd4 11. Nxd4 Qc7 12. Nxc6 bxc6 13. c5 dxc5 14. Be3 Nd7
15. Qa4 Rb4 16. Qa3 a5 17. Na4 Bd4 18. Bd2 Rb8 19. Rfc1 Ba6 20. Bf1 Bxf1 21.
Kxf1 Qe5 22. Bf4 Qf6 23. Be3 Rb4 24. Nxc5 Nxc5 25. Rxc5 Bxc5 26. Bxc5 Rxe4 27.
Re1 Rxe1+ 28. Kxe1 Qe5+ 29. Kf1 Re8 30. Qxa5 Qxb2 31. a4 Qb1+ 32. Kg2 Qe4+ 33.
f3 Qe2+ 34. Bf2 e5 35. Qc5 e4 36. fxe4 Qxe4+ 0-1

[Event "McGill op U2000"]
[Site "Montreal CAN"]
[Date "2014.05.03"]
[Round "3"]
[White "Selmani, Sam"]
[Black "Fan, Run Kun"]
[Result "1/2-1/2"]
[WhiteElo "1564"]
[BlackElo "1712"]
[PlyCount "118"]
[EventDate "2014.05.02"]
[EventType "swiss"]
[EventRounds "5"]
[EventCountry "CAN"]

1. d4 d5 2. c4 e6 3. Nf3 c6 4. e3 Nf6 5. Nc3 Nbd7 6. Bd3 dxc4 7. Bxc4 b5 8. Bd3
a6 9. e4 c5 10. e5 cxd4 11. Nxb5 Ng4 12. Nd6+ Bxd6 13. exd6 Nc5 14. Bc4 Qxd6
15. O-O Bb7 16. Qxd4 Qxd4 17. Nxd4 Ne5 18. Be2 Rd8 19. Be3 O-O 20. Nc6 Nxc6 21.
Bxc5 Rfe8 22. Rfd1 g6 23. a4 f5 24. Bb6 Rxd1+ 25. Rxd1 Kg7 26. f4 e5 27. Rd7+
Re7 28. Bc4 Kf6 29. Rd6+ Kg7 30. Bd5 Na7 31. Bd8 Nc8 32. Bxe7 Nxd6 33. Bxb7
Nxb7 34. fxe5 Kf7 35. Bb4 Ke6 36. Bc3 Nc5 37. a5 Nd3 38. b4 Nxe5 39. Bxe5 Kxe5
40. b5 Kd6 41. b6 g5 42. Kf2 h6 43. g3 Kc6 44. h4 Kd7 45. Ke3 Kc6 46. hxg5 hxg5
47. Kd3 Kd7 48. Ke2 Kc6 49. Kd3 Kd7 50. Ke2 Kc6 51. Ke3 Kd7 52. Kd3 Kc6 53. Kc4
f4 54. gxf4 gxf4 55. Kd4 Kb7 56. Ke4 Ka8 57. Kxf4 Kb8 58. Ke5 Ka8 59. Kd6 Kb8
1/2-1/2

[Event "Memorial"]
[Site "Winnipeg CAN"]
[Date "2014.11.04"]
[Round "1.6"]
[White "Beach, Brock"]
[Black "Trueman, Francis"]
[Result "1/2-1/2"]
[WhiteElo "1749"]
[BlackElo "1469"]
[PlyCount "30"]
[EventDate "2014.11.04"]
[EventType "swiss"]
[EventRounds "6"]
[EventCountry "CAN"]

1. e4 c5 2. Nf3 Nc6 3. Bb5 e6 4. O-O Nf6 5. Re1 Qc7 6. c3 Be7 7. d4 a6 8. Bf1
cxd4 9. cxd4 d5 10. e5 Nd7 11. Nc3 b5 12. a3 Nb6 13. Bd3 Na5 14. Bd2 Bd7 15.
Be2 O-O {and drawn in an endgame} 1/2-1/2

[Event "Memorial"]
[Site "Winnipeg CAN"]
[Date "2014.11.04"]
[Round "1.6"]
[White "Leaden, Bruce"]
[Black "Huston-Earle, Joshua"]
[Result "1/2-1/2"]
[WhiteElo "1561"]
[BlackElo "1429"]
[PlyCount "69"]
[EventDate "2014.11.04"]
[EventType "swiss"]
[EventRounds "6"]
[EventCountry "CAN"]

1. d4 Nf6 2. Nf3 e6 3. c4 c5 4. Nc3 cxd4 5. Nxd4 Nc6 6. e3 Bc5 7. a3 a6 8. b4
Bxd4 9. exd4 O-O 10. Be2 d6 11. b5 Ne7 12. O-O d5 13. c5 Bd7 14. Bf4 Nf5 15.
Bf3 axb5 16. Be2 Ne4 17. Nxe4 dxe4 18. Re1 Bc6 19. Be3 Nxe3 20. fxe3 Qd7 21.
Bf1 Ra7 22. Qb3 Qd5 23. Qxd5 exd5 24. Reb1 Ra5 25. Rb3 g6 26. Rab1 Rfa8 27.
Bxb5 Rxa3 28. Be2 Ra2 29. R1b2 Rxb2 30. Rxb2 Kg7 31. h4 Ra1+ 32. Kf2 Kf6 33.
Kg3 g5 34. h5 Kg7 35. Kh2 1/2-1/2

[Event "Memorial"]
[Site "Winnipeg CAN"]
[Date "2014.11.04"]
[Round "1.6"]
[White "Schmidt, Lukas"]
[Black "Einarsson, Ken"]
[Result "0-1"]
[WhiteElo "1444"]
[BlackElo "1704"]
[PlyCount "42"]
[EventDate "2014.11.04"]
[EventType "swiss"]
[EventRounds "6"]
[EventCountry "CAN"]

1. e4 c6 2. Bc4 d5 3. exd5 cxd5 4. Bb5+ Nc6 5. Bxc6+ bxc6 6. d3 e5 7. Nf3 Bd6
8. Qe2 Qc7 9. O-O Nf6 10. h3 O-O 11. Re1 e4 12. Nfd2 Ba6 13. c4 Rfe8 14. b3
exd3 15. Qd1 Be5 16. Qf3 Bxa1 17. Rxe8+ Rxe8 18. g3 Re1+ 19. Kg2 Rxc1 20. cxd5
Nxd5 21. Qxd3 Bxd3 0-1

[Event "Memorial"]
[Site "Winnipeg CAN"]
[Date "2014.11.18"]
[Round "2.6"]
[White "Einarsson, Ken"]
[Black "Korenbaum, Max"]
[Result "1-0"]
[WhiteElo "1704"]
[BlackElo "1356"]
[PlyCount "83"]
[EventDate "2014.11.04"]
[EventType "swiss"]
[EventRounds "6"]
[EventCountry "CAN"]

1. d4 Nf6 2. c4 g6 3. Nc3 d5 4. Bg5 Be6 5. c5 Nc6 6. e3 Bg7 7. Nf3 Bf5 8. Bb5
Bd7 9. O-O O-O 10. Re1 Re8 11. h3 a6 12. Ba4 b5 13. cxb6 cxb6 14. Bxf6 Bxf6 15.
Nxd5 Bg7 16. Nc3 e6 17. Bb3 f5 18. d5 exd5 19. Bxd5+ Kh8 20. Qc2 Rc8 21. Rad1
Qe7 22. e4 Rc7 23. exf5 Qf6 24. fxg6 Rxe1+ 25. Rxe1 Bf5 26. Re8+ Bf8 27. Ne4
Bxg6 28. Nxf6 Bxc2 29. Rxf8+ Kg7 30. Ne8+ Kxf8 31. Nxc7 Ne7 32. Be6 a5 33. Nd5
Nxd5 34. Bxd5 Kg7 35. Ne5 Bf5 36. Nc4 Kf6 37. Nxb6 Ke5 38. Bg8 Bg6 39. Nc4+ Kd4
40. Nxa5 Kc5 41. Nc4 Kd4 42. a4 1-0

[Event "Memorial"]
[Site "Winnipeg CAN"]
[Date "2014.11.18"]
[Round "2.6"]
[White "Roy, Rayan"]
[Black "Beach, Brock"]
[Result "1/2-1/2"]
[WhiteElo "1586"]
[BlackElo "1749"]
[PlyCount "97"]
[EventDate "2014.11.04"]
[EventType "swiss"]
[EventRounds "6"]
[EventCountry "CAN"]

1. e4 c6 2. d4 d5 3. exd5 cxd5 4. c4 dxc4 5. Bxc4 Nf6 6. Nf3 Bf5 7. Nc3 e6 8.
O-O Nc6 9. Re1 Be7 10. Bg5 O-O 11. d5 Nxd5 12. Bxe7 Ndxe7 13. h3 h6 14. Qe2 Nd4
15. Nxd4 Qxd4 16. Rad1 Qb6 17. a3 Rad8 18. Rc1 Nc6 19. b4 Qc7 20. Qe3 Nd4 21.
Nb5 Qb6 22. Nxd4 Qxd4 23. Qxd4 Rxd4 24. Ba2 Rd2 25. Bc4 Rd4 26. b5 b6 27. Be2
Bd3 28. Bxd3 Rxd3 29. Re3 Rfd8 30. Rc7 R3d7 31. Rc6 Kf8 32. Kf1 Ke7 33. Rcc3 g5
34. Ke2 f5 35. Rc6 Rd6 36. Rc7+ R8d7 37. Rcc3 g4 38. hxg4 fxg4 39. Re5 Kf6 40.
Re4 Kf5 41. Ke3 e5 42. f3 gxf3 43. gxf3 Rd4 44. Rb3 Rxe4+ 45. fxe4+ Kg4 46. Rb1
Rf7 47. Rg1+ Kh4 48. Rg6 Re7 49. Rxh6+ 1/2-1/2

[Event "Memorial"]
[Site "Winnipeg CAN"]
[Date "2014.11.18"]
[Round "2.6"]
[White "Trueman, Francis"]
[Black "Leaden, Bruce"]
[Result "0-1"]
[WhiteElo "1469"]
[BlackElo "1561"]
[PlyCount "63"]
[EventDate "2014.11.04"]
[EventType "swiss"]
[EventRounds "6"]
[EventCountry "CAN"]

1. d4 d5 2. c4 Nf6 3. Nf3 Nc6 4. Bf4 e6 5. a3 Bd6 6. Bxd6 Qxd6 7. e3 b6 8. Qc2
h6 9. c5 bxc5 10. dxc5 Qe7 11. Bb5 Bb7 12. Ne5 Nd7 13. Nxc6 Qxc5 14. Qxc5 Nxc5
15. O-O a6 16. Na5+ axb5 17. Nxb7 Nxb7 18. Nc3 c6 19. Rfe1 O-O 20. h3 Nd6 21.
Rac1 Rfc8 22. e4 Rab8 23. Kh2 b4 24. Nb1 Nxe4 25. f3 Nd6 26. Re2 bxa3 27. bxa3
d4 28. Re5 c5 29. Kg3 Kf8 30. Kf2 Rb5 31. g4 f6 32. Rxe6 0-1

[Event "Memorial"]
[Site "Winnipeg CAN"]
[Date "2014.11.18"]
[Round "2.6"]
[White "Trueman, Francis"]
[Black "Leaden, Bruce"]
[Result "0-1"]
[WhiteElo "1561"]
[BlackElo "1469"]
[PlyCount "34"]
[EventDate "2014.11.04"]
[EventType "swiss"]
[EventRounds "6"]
[EventCountry "CAN"]

1. Nf3 d5 2. d3 Bf5 3. Nbd2 Nf6 4. g3 e6 5. Bg2 Nbd7 6. O-O Be7 7. Re1 O-O 8.
e4 dxe4 9. dxe4 Bg6 10. Nh4 e5 11. Nxg6 fxg6 12. Nf3 c6 13. c3 Qc7 14. Qb3+ Kh8
15. Ng5 Nd5 16. Ne6 Qb6 17. exd5 Qxf2+ 0-1

[Event "Memorial"]
[Site "Winnipeg CAN"]
[Date "2014.11.25"]
[Round "3.6"]
[White "Beach, Brock"]
[Black "Huston-Earle, Joshua"]
[Result "1-0"]
[WhiteElo "1749"]
[BlackElo "1429"]
[PlyCount "60"]
[EventDate "2014.11.04"]
[EventType "swiss"]
[EventRounds "6"]
[EventCountry "CAN"]

1. e4 c5 2. Nf3 d6 3. Bc4 e6 4. d4 cxd4 5. Nxd4 Nc6 6. Nxc6 bxc6 7. O-O Nf6 8.
Nc3 Be7 9. Re1 O-O 10. Bf4 Bb7 11. Qe2 Qc7 12. Rad1 Rad8 13. e5 Nd5 14. Bxd5
cxd5 15. exd6 Bxd6 16. Nb5 Qc4 17. Qxc4 dxc4 18. Rxd6 Rxd6 19. Nxd6 Bd5 20. b3
cxb3 21. cxb3 Rd8 22. Rc1 g5 23. Bg3 Rd7 24. Nc4 f5 25. Be5 a5 26. Nd6 h6 27.
Rc8+ Kh7 28. Rh8+ Kg6 29. h3 f4 30. Nc4 Kf5 1-0

[Event "Memorial"]
[Site "Winnipeg CAN"]
[Date "2014.11.25"]
[Round "3.6"]
[White "Leaden, Bruce"]
[Black "Einarsson, Ken"]
[Result "0-1"]
[WhiteElo "1561"]
[BlackElo "1704"]
[PlyCount "116"]
[EventDate "2014.11.04"]
[EventType "swiss"]
[EventRounds "6"]
[EventCountry "CAN"]

1. d4 d5 2. Nf3 Nf6 3. c4 e6 4. Nc3 b6 5. cxd5 exd5 6. g3 Bb7 7. Bg2 Be7 8. O-O
O-O 9. Re1 Nbd7 10. Qc2 Rc8 11. a3 c5 12. e3 cxd4 13. exd4 Ne4 14. Nd2 Ndf6 15.
Ndxe4 Nxe4 16. f3 Nxc3 17. bxc3 Qc7 18. Bf4 Qd7 19. a4 g5 20. Bd2 Bf6 21. Qb3
Rfe8 22. Bf1 Qf5 23. Kg2 Rxe1 24. Rxe1 Qd7 25. Bb5 Bc6 26. Bxc6 Rxc6 27. Qb5
Rc7 28. Qxd7 Rxd7 29. g4 Rc7 30. Rb1 h6 31. Rb5 Bxd4 32. cxd4 Rc2 33. Rxd5
Rxd2+ 34. Kg3 Ra2 35. Rd8+ Kg7 36. d5 Rxa4 37. Rd7 a6 38. d6 Kf6 39. Rb7 b5 40.
Rb6 Ke6 41. d7+ Kxd7 42. Rxh6 b4 43. Rb6 a5 44. Rb7+ Ke6 45. Rb5 f6 46. h4
gxh4+ 47. Kxh4 Ra3 48. f4 b3 49. g5 fxg5+ 50. Kxg5 a4 51. f5+ Kf7 52. Rb7+ Ke8
53. Kg6 Ra1 54. Kf6 Rf1 55. Re7+ Kd8 56. Ra7 b2 57. Ra8+ Kc7 58. Ra7+ Kb6 0-1

[Event "Memorial"]
[Site "Winnipeg CAN"]
[Date "2014.12.02"]
[Round "4.6"]
[White "Einarsson, Ken"]
[Black "Beach, Brock"]
[Result "1-0"]
[WhiteElo "1704"]
[BlackElo "1750"]
[PlyCount "61"]
[EventDate "2014.11.04"]
[EventType "swiss"]
[EventRounds "6"]
[EventCountry "CAN"]

1. d4 d5 2. c4 e6 3. Nc3 Nf6 4. Bg5 Be7 5. e3 O-O 6. Nf3 Nbd7 7. Qc2 c6 8. cxd5
Nxd5 9. Bxe7 Qxe7 10. Nxd5 exd5 11. Bd3 h6 12. O-O Re8 13. Rac1 Nb6 14. Ne5 Bd7
15. a4 Be6 16. Qb3 Rab8 17. Bc2 Nd7 18. Qd3 g6 19. f4 Bf5 20. Qe2 Bxc2 21. Qxc2
Nxe5 22. fxe5 Qg5 23. Qf2 Qe7 24. Qg3 Rf8 25. Rf6 Kh7 26. Rcf1 Rbd8 27. e6 Qd6
28. Rxf7+ Rxf7 29. Rxf7+ Kh8 30. Qxg6 Qxh2+ 31. Kxh2 1-0